Normal view
MARC view
- Youth
Entry Topical Term
001 - CONTROL NUMBER
- control field: 4235
003 - CONTROL NUMBER IDENTIFIER
- control field: NUST
005 - DATE AND TIME OF LATEST TRANSACTION
- control field: 20170825112313.0
008 - FIXED-LENGTH DATA ELEMENTS
- fixed length control field: 170825|| aca||aabn | a|a d
040 ## - CATALOGING SOURCE
- Original cataloging agency: NUST
- Transcribing agency: NUST
150 ## - HEADING--TOPICAL TERM
- Topical term or geographic name entry element: Youth
- General subdivision: Employment
- Geographic subdivision: Great Britain.
670 ## - SOURCE DATA FOUND
- Source citation: Work cat.: (NUST)0: Hodkinson, Phil. 4233, Triumphs and tears :, 1996.
